000 00938na a2200289 4500
001 15416
003 MIRAKIL
005 20181213154805.0
008 161019b tu 000 0
020 _a9786054023356
035 _a14074
040 _aMilas
_btur
_cTR-AnCHP
041 _atur
082 _a324.21083
_bE73ü 2014
090 _a324.2183 E73ü 2014
100 _aEte, Hatem
245 _aÜlkücülükten tepkisel milliyetçiliğe
_bMHP'nin ideolojisi ve seçmen eğilimleri
_cHatem Ete, Hamza Taşdelen, Sami Orçun Ersay
246 _aMHP'nin ideolojisi ve seçmen eğilimleri
260 _aİstanbul
_bSiyaset, Ekonomi ve Toplum Araştırmaları Vakfı (SETA)
_c2014
300 _a119 s.
_btbl.
_c27 sm.
610 _aMHP
_xSeçmenler
610 _aMilliyetçi Hareket Partisi (MHP)
_xİdeoloji
650 _aMHP
_xİdeolojiler
700 _aErsay, Sami Orçun
700 _aTaşdelen, Hamza
942 _2dcc
_cBKS
999 _c899
_d899